000 00485nam a2200169 i 4500
001 71859
003 ES-MaACL
005 20240501063035.0
007 t|
008 040819s1914 be ||||1| fre d
100 1 _aGide, André,
_d1869-1951
_956674
245 1 4 _aLes caves du Vatican /
_cAndré Gide.
260 _a[S.l. :
_bs.n.,
_c1914 (
_eBruges :
_fImprimerie Sainte Catherine)
300 _a295 p. ;
_c20 cm.
852 _aES-MaACL
_jF-6974
999 _c71859
_d71859